00269cam a22000857a 4500008004000000100001600040245008900056260002900145300000900174180718b1998 xxu||||| |||| 00| 0 eng d aGhosh, Arun aIndia in a globalised world: issues of growth with equity and justicecby Arun Ghosh aNew DelhibNamediac1998 a49p.